000 00370pam a2200157a 44500
008 230515b1986 xxu||||| |||| 00| 0 eng d
020 _aNULL
041 _aENGLISH
082 _aN.D.
100 _a"Willard H H, Merritt L L"
245 _aInstrumental Methods of Analysis
250 _a0
260 _aNULL
_bCBS Publishers
_c1986
300 _a894
650 _aNULL
999 _c587094
_d587094